An Introduction to Electrical Engineering Materials (Record no. 247370)

MARC details
000 -LEADER
fixed length control field 00498nam a2200193Ia 4500
008 - FIXED-LENGTH DATA ELEMENTS--GENERAL INFORMATION
fixed length control field 240921s9999||||xx |||||||||||||| ||und||
082 ## - DEWEY DECIMAL CLASSIFICATION NUMBER
-- 621.3028 N5
100 ## - MAIN ENTRY--PERSONAL NAME
Personal name Indulkar C S
245 #3 - TITLE STATEMENT
Title An Introduction to Electrical Engineering Materials
250 ## - EDITION STATEMENT
Edition statement 3rd
260 ## - PUBLICATION, DISTRIBUTION, ETC. (IMPRINT)
Date of publication, distribution, etc 1995
Name of publisher, distributor, etc S.Chand,New Delhi
500 ## - GENERAL NOTE
General note Mechnanical Properties
650 ## - SUBJECT ADDED ENTRY--TOPICAL TERM
Topical term or geographic name as entry element Materials
700 ## - ADDED ENTRY--PERSONAL NAME
Personal name Thiruvengadam S
942 ## - ADDED ENTRY ELEMENTS (KOHA)
Item type Books
Holdings
Withdrawn status Lost status Damaged status Permanent location Current location Date acquired Source of acquisition Cost, normal purchase price Full call number Barcode Date last seen Koha item type
      CENTRAL LIBRARY, NOORUL ISLAM CENTRE FOR HIGHER EDUCATION CENTRAL LIBRARY, NOORUL ISLAM CENTRE FOR HIGHER EDUCATION 05/09/2003 Academic Book House,Trivandrum 35.00 621.3028 N5 325 09/21/2024 Books
Visitors:
Copyright © 2024 Central Library NICHE.  All rights reserved.